[Event "Wilhelm Werner Memorial-H 25th"]
[Site "Bockenem"]
[Date "2000.05.31"]
[Round "1"]
[White "Markgraf, Claudia"]
[Black "Beermann, Michael"]
[Result "0-1"]
[WhiteElo "1990"]
[BlackElo "1755"]
[PlyCount "104"]
[EventDate "2000.05.31"]
[EventType "swiss"]
[EventRounds "7"]
[EventCountry "GER"]
[SourceTitle "EXT 2008"]
[Source "ChessBase"]
[SourceDate "2007.11.25"]
[SourceVersion "1"]
[SourceVersionDate "2007.11.25"]
[SourceQuality "1"]

1. e4 e6 2. d4 d5 3. e5 c5 4. c3 Qb6 5. Nf3 Bd7 6. Be2 Bb5 7. 0-0 Bxe2 8. Qxe2 a5 9. a4 Nc6 10. Qb5 Ra6 11. Na3 cxd4 12. Nxd4 Qc7 13. f4 Rb6 14. Qd3 Nxd4 15. cxd4 Bxa3 16. Rxa3 Ne7 17. g4 g6 18. Rb3 h5 19. Bd2 Rxb3 20. Qxb3 hxg4 21. Rc1 Nc6 22. Qb5 Qe7 23. Bxa5 Qh4 24. Rc2 g3 25. Qxb7 gxh2+ 26. Kh1 0-0 27. Qxc6 Qxf4 28. Qc3 Qf1+ 29. Kxh2 Kg7 30. Kg3 g5 31. Qe3 f6 32. Rc7+ Kg6 33. Bd2 Rh8 34. Rg7+ Kxg7 35. exf6+ Qxf6 36. Qxg5+ Qxg5+ 37. Bxg5 Ra8 38. Bd2 Rxa4 39. Bc3 Kg6 40. Kf3 Kf5 41. Ke3 Ra8 42. Kd3 Rh8 43. Bb4 Rh3+ 44. Kc2 Ke4 45. Bc5 Rd3 46. b4 Rxd4 47. Kb2 Rc4 48. Kb3 e5 49. Bd6 Rc6 50. Bf8 d4 51. b5 Rc8 52. Bd6 d3 0-1

[Event "Wilhelm Werner Memorial-H 24th"]
[Site "Bockenem"]
[Date "1999.05.15"]
[Round "5"]
[White "Hennecke, Ulrich"]
[Black "Beermann, Michael"]
[Result "1/2-1/2"]
[WhiteElo "1830"]
[BlackElo "2002"]
[PlyCount "81"]
[EventDate "1999.05.??"]
[EventType "swiss"]
[EventRounds "7"]
[EventCountry "GER"]
[SourceTitle "EXT 2008"]
[Source "ChessBase"]
[SourceDate "2007.11.25"]
[SourceVersion "1"]
[SourceVersionDate "2007.11.25"]
[SourceQuality "1"]

1. d4 Nf6 2. c4 e6 3. Nc3 Bb4 4. Qc2 c5 5. e3 d5 6. a3 Bxc3+ 7. bxc3 Nc6 8. Nf3 0-0 9. Bd3 dxc4 10. Bxc4 Qc7 11. 0-0 e5 12. d5 e4 13. Nd2 Ne5 14. Be2 Bf5 15. c4 Nfg4 16. g3 Nf6 17. Bb2 Rfe8 18. Rab1 b6 19. Bc3 Qd7 20. Qb2 Qd6 21. a4 Nfg4 22. Kg2 Qh6 23. h4 Rad8 24. Ra1 Rd6 25. a5 Rg6 26. Bxe5 Nxe5 27. axb6 Rxb6 28. Qa3 Nd3 29. Qxa7 g5 30. Rh1 Rb2 31. Ra2 Reb8 32. hxg5 Qxg5 33. Bxd3 exd3 34. Rxb2 Rxb2 35. Qa8+ Kg7 36. Qa1 Qf6 37. Rd1 Bg4 38. Kg1 Bxd1 39. Qxd1 Ra2 40. Kg2 Qf5 41. e4 1/2-1/2